Qtp For Professional (Record no. 111937)

MARC details
000 -LEADER
fixed length control field 00372pam a2200145 a 4500
020 ## - INTERNATIONAL STANDARD BOOK NUMBER
Terms of availability
041 ## - LANGUAGE CODE
Language code of original
082 ## - DEWEY DECIMAL CLASSIFICATION NUMBER
Classification number 543.10000000000002
Item number RED
100 ## - MAIN ENTRY--PERSONAL NAME
Personal name Reddy, S.V.
245 ## - TITLE STATEMENT
Title Qtp For Professional
Medium Textual Documents
260 ## - PUBLICATION, DISTRIBUTION, ETC.
Place of publication, distribution, etc. New Delhi
Name of publisher, distributor, etc. Shroff Publication And Distribution Private Limited
Date of publication, distribution, etc. 2011
300 ## - PHYSICAL DESCRIPTION
Extent 446
700 ## - ADDED ENTRY--PERSONAL NAME
Personal name Reddy, Shalini
930 ## - EQUIVALENCE OR CROSS-REFERENCE-UNIFORM TITLE HEADING [LOCAL, CANADA]
Uniform title 5107
Holdings
Withdrawn status Lost status Source of classification or shelving scheme Damaged status Not for loan Home library Current library Shelving location Date acquired Source of acquisition Cost, normal purchase price Total Checkouts Full call number Barcode Date last seen Date last checked out Copy number Price effective from Koha item type
    Dewey Decimal Classification     Abhijit Kadam Institute of Management & Social Science, Solapur Abhijit Kadam Institute of Management & Social Science, Solapur   28/03/2014 Bharati Madhyavarti Sahakari Grahakbhandar Limited 495.00 2 543.10000000000002 RED AKS-C-03934 22/09/2025 13/09/2025 1 01/03/2023 Book